000
00219nam a2200097Ia 4500
008
190216s9999||||xx |||||||||||||| ||und||
100
_a
Null
245
0
_a
Watering Hughts
260
_b
Bharatiya Vidya Bhavan
942
_c
BK
999
_c
18769
_d
18769